La catequización de los inadaptados / (Record no. 116518)

MARC details
000 -LEADER
campo de control de longitud fija 00532nam a2200181 4500
001 - NÚMERO DE CONTROL
campo de control 116518
003 - IDENTIFICADOR DE NÚMERO DE CONTROL
campo de control ES-MaACL
005 - FECHA Y HORA DE LA ÚLTIMA TRANSACCIÓN
campo de control 20230906190724.0
007 - CAMPO FIJO DE DESCRIPCIÓN FÍSICA--INFORMACIÓN GENERAL
campo de control de longitud fija t|
008 - DATOS DE LONGITUD FIJA--INFORMACIÓN GENERAL
campo de control de longitud fija 061121s1971 sp r ||||1| spa d
100 1# - ENTRADA PRINCIPAL--NOMBRE DE PERSONA
Nombre de persona Paulhus, E.
9 (RLIN) 89649
245 13 - MENCIÓN DEL TÍTULO
Título La catequización de los inadaptados /
Mención de responsabilidad, etc. E. Paulhus y J. Mesny ; traducción por Luis Morente.
260 ## - PUBLICACIÓN, DISTRIBUCIÓN, ETC.
Lugar de publicación, distribución, etc. Madrid :
Nombre del editor, distribuidor, etc. Marova,
Fecha de publicación, distribución, etc. 1971.
300 ## - DESCRIPCIÓN FÍSICA
Extensión 210 p. ;
Dimensiones 21 cm.
700 1# - ENTRADA AGREGADA--NOMBRE PERSONAL
Nombre de persona Mesny, J.
9 (RLIN) 80669
700 1# - ENTRADA AGREGADA--NOMBRE PERSONAL
Nombre de persona Morente, Luis.
9 (RLIN) 83451
852 ## - LOCALIZACIÓN
Ubicación ES-MaACL
Número de control de estantería C-41938
Sublocalización o colección R.79022
Holdings
Estatus retirado Estado de pérdida Estado de daño No para préstamo Biblioteca de origen Biblioteca actual Ubicación en estantería Fecha de adquisición Fuente de adquisición Total de préstamos Signatura topográfica completa Código de barras Visto por última vez Precio de reemplazo Tipo de ítem Koha
        Biblioteca del Ateneo de Madrid Biblioteca del Ateneo de Madrid Depósito 2 17/01/2008     C-41938 1121500 23/02/2023 23/02/2023 Libro impreso